000 00493nam a2200169Ia 4500
999 _c133
_d133
003 OSt
005 20210914130552.0
008 190216s9999||||xx |||||||||||||| ||und||
040 _coclc
082 _a297
_bMUJ/M
100 _aMujeddidi, Hadrat Imam I Rabbani
_98857
245 0 _aAl Munthakha Bathu Minal Makthubath /
_cHadrat Imam I Rabbani Mujeddidi
260 _bHutchinson,
_c1987.
300 _a226p
650 _aArabic
942 _cBK
_2ddc
_h297
_iMUJ/M
_k297
_mMUJ/M